00358nam a22001337a 4500003000400000005001700004008004100021020001500062050002200077082002600099245003300125260003900158300002700197OSt20140310182324.0130921t xxu||||| |||| 00| 0 eng d a1854343564 aQK 49b.N285 1996 aGS 582.13b Na19 1996 aNature's wild cJames Marsh. aLondon : bTwo-Can pub., c1996.  a30 p. :bill. ;c25 cm